Top 3 NBA 2K18 Players by College: Conference USA - Statistics

General Stats
  • This quiz has been taken 5 times
  • The average score is 4 of 6
Answer Stats
College Player Rating % Correct
Charlotte Elijah Millsap 67
100%
Marshall Hassan Whiteside 87
100%
Louisiana Tech Paul Millsap 87
100%
Western Kentucky Courtney Lee 75
60%
Old Dominion Kent Bazemore 74
60%
UTEP Julyan Stone 70
20%
No matching quizzes found
Score Distribution
Percent of People with Each Score
Percentile by Number Answered
Your Score History
You have not taken this quiz